| 000 | 00380nam a2200145Ia 4500 | ||
|---|---|---|---|
| 008 | 240624s9999 xx 000 0 und d | ||
| 041 | _aeng | ||
| 082 | _a300.72 PIC | ||
| 100 | _aPICKARD ALISON JANE | ||
| 245 | _aRESEARCH METHODS IN INFORMATION | ||
| 250 | _a(2nd ed.) | ||
| 260 |
_c2013 _aLondon _bFacet Publishing |
||
| 300 | _axxii, : 361 : p. : cm. ; 23 | ||
| 365 |
_cGBP _b25 |
||
| 999 |
_c23186 _d23186 |
||